[Event "Tarragona-chA"]
[Site "Tarragona"]
[Date "2017.11.12"]
[Round "7"]
[White "Martinez Martin, Jose Javier"]
[Black "Herreros Rojo, Ivan"]
[Result "0-1"]
[WhiteElo "2006"]
[BlackElo "1860"]
[PlyCount "72"]
[EventDate "2017.10.08"]
[EventType "swiss"]
[EventRounds "9"]
[EventCountry "ESP"]
[SourceTitle "CBM 181 Extra"]
[Source "ChessBase"]
[SourceDate "2017.12.12"]
[SourceVersion "1"]
[SourceVersionDate "2017.12.12"]
[SourceQuality "1"]

1. e4 e5 2. f4 Nc6 3. Nf3 Bc5 4. Bc4 d6 5. Nc3 Bg4 6. Na4 Nd4 7. Nxc5 Bxf3 8. gxf3 Qh4+ 9. Kf1 Qh3+ 10. Kf2 Qh4+ 11. Kg2 dxc5 12. c3 Nc6 13. Bxf7+ Kxf7 14. Qb3+ c4 15. Qxb7 Nge7 16. fxe5 Nxe5 17. d4 cxd3 18. Qxc7 Qh5 19. Rf1 Rhc8 20. Qa5 Rc6 21. Bf4 Qg6+ 22. Kh1 Nc4 23. Qb5 a6 24. Qb4 Qf6 25. Bg3 Ne3 26. Rf2 d2 27. Rxd2 Rd8 28. Rf2 Kf8 29. Re1 Rd1 30. Rxd1 Nxd1 31. Rf1 Rb6 32. Qc5 Rxb2 33. e5 Qf5 34. Qg1 Nxc3 35. Qd4 Rb1 36. Rxb1 Qxf3+ 0-1

[Event "Tarragona-chA"]
[Site "Tarragona"]
[Date "2017.11.05"]
[Round "6"]
[White "Herreros Rojo, Ivan"]
[Black "Romero Mendez, Antonio"]
[Result "1-0"]
[WhiteElo "1860"]
[BlackElo "1964"]
[PlyCount "103"]
[EventDate "2017.10.08"]
[EventType "swiss"]
[EventRounds "9"]
[EventCountry "ESP"]
[SourceTitle "CBM 181 Extra"]
[Source "ChessBase"]
[SourceDate "2017.12.12"]
[SourceVersion "1"]
[SourceVersionDate "2017.12.12"]
[SourceQuality "1"]

1. b3 e5 2. Bb2 d6 3. c4 f5 4. e3 Nf6 5. d4 e4 6. d5 Be7 7. Ne2 0-0 8. Nf4 Qe8 9. Be2 Na6 10. Nc3 Bd7 11. Rc1 Nc5 12. b4 Na4 13. Nxa4 Bxa4 14. Qd2 Bd7 15. g3 Qf7 16. h4 b6 17. h5 Ng4 18. c5 bxc5 19. Ne6 Bxe6 20. dxe6 Qe8 21. bxc5 Rd8 22. Qa5 Rb8 23. Ba1 Qc6 24. Qa6 Qxa6 25. Bxa6 dxc5 26. Bc4 Kh8 27. h6 Bf6 28. hxg7+ Bxg7 29. Bxg7+ Kxg7 30. Bb3 Rb5 31. e7 Re8 32. Ba4 a6 33. Bxb5 axb5 34. Rxc5 Rxe7 35. Rxf5 Ne5 36. Ke2 Kg6 37. Rhh5 Nc4 38. Rxb5 Rd7 39. Rhd5 Nd6 40. Rb1 Kf6 41. a4 Ke6 42. Rdd1 Rd8 43. Rh1 Ra8 44. Rxh7 Rxa4 45. Rxc7 Ra2+ 46. Kf1 Rd2 47. Rb6 Ke5 48. Rc5+ Ke6 49. Rcc6 Ke5 50. Kg2 Rd3 51. Kh3 Rd2 52. Rxd6 1-0

[Event "Tarragona-ch"]
[Site "Tarragona"]
[Date "2003.??.??"]
[Round "5"]
[White "Herreros Rojo, Ivan"]
[Black "Ramos Lor, Josep"]
[Result "0-1"]
[WhiteElo "1940"]
[BlackElo "2080"]
[PlyCount "118"]
[EventDate "2003.??.??"]
[EventType "swiss"]
[EventRounds "9"]
[EventCountry "ESP"]
[SourceTitle "EXT 2007"]
[Source "ChessBase"]
[SourceDate "2006.11.23"]
[SourceVersion "1"]
[SourceVersionDate "2006.11.23"]
[SourceQuality "1"]

1. e4 e5 2. Nf3 Nc6 3. Bb5 a6 4. Ba4 Nf6 5. 0-0 Nxe4 6. Re1 Nc5 7. Bxc6 dxc6 8. Nxe5 Be7 9. d3 0-0 10. d4 Nd7 11. Qf3 Nf6 12. Nc3 Be6 13. Be3 Re8 14. a3 Nd5 15. Ne2 Bd6 16. Nf4 Nxf4 17. Bxf4 f6 18. Nd3 Qd7 19. c3 Rad8 20. Bxd6 cxd6 21. Nf4 Bf7 22. Rad1 Rxe1+ 23. Rxe1 Re8 24. Rxe8+ Qxe8 25. Qe2 Qxe2 26. Nxe2 Kf8 27. Ng3 g6 28. Ne4 Ke7 29. Kf1 Bd5 30. f3 Ke6 31. Ke2 b5 32. Ke3 a5 33. g3 a4 34. h4 h6 35. g4 Ba2 36. Nd2 Bd5 37. Ne4 Bb3 38. Nd2 Bc2 39. f4 Bd1 40. Nf3 Bxf3 41. Kxf3 f5 42. g5 h5 43. Ke3 Kd5 44. Kd3 c5 45. dxc5 dxc5 46. Ke3 Kc4 47. Kd2 Kb3 48. Kc1 b4 49. cxb4 cxb4 50. axb4 Kxb4 51. Kd2 Kb3 52. Kc1 Kc4 53. Kd2 Kd4 54. Kc2 Ke4 55. Kc3 Kxf4 56. Kb4 Kg3 57. Kxa4 f4 58. b4 f3 59. b5 f2 0-1